| 000 | 00964nam a22002895a 4500 | ||
|---|---|---|---|
| 003 | EG-ScBUE | ||
| 005 | 20220821122908.0 | ||
| 008 | 180402t2013 gw a f b 000 0 eng d | ||
| 020 | _a9783659412950 | ||
| 040 |
_aEG-ScBUE _beng _erda _cEG-ScBUE _dEG-ScBUE |
||
| 082 | 0 | 4 |
_a712.5 _bMOU _222 |
| 100 | 1 |
_aMoussa, Rania Rushdy, _eauthor. |
|
| 245 | 1 | 4 |
_aThe role of park in enhancing the quality of life in urban environment / _cRania Rushdy Moussa. |
| 264 | 1 |
_aSaarbrucken, Germany : _bLAP LAMBERT Academic Publishing, _c[2013] |
|
| 264 | 4 | _cc2013 | |
| 300 |
_a96, xxvii pages : _billustrations ; _c20 cm |
||
| 336 |
_2rdacontent _atext _btxt |
||
| 337 |
_2rdamedia _aunmediated _bn |
||
| 338 |
_2rdacarrier _avolume _bnc |
||
| 504 | _aIncludes bibliographical references. | ||
| 650 | 7 |
_aUrban ecology (Sociology) _2BUEsh |
|
| 650 | 7 |
_aCity planning. _2BUEsh |
|
| 651 | _2BUEsh | ||
| 653 |
_bENGARC _cApril2018 |
||
| 655 |
_vText book _933728 |
||
| 942 |
_2ddc _cTXT |
||
| 999 |
_c26455 _d26427 |
||